[Event "DEM U16 2025"]
[Site "Willingen GER"]
[Date "2025.06.14"]
[Round "9"]
[White "Malinowsky, Levi"]
[Black "Zobel, Christian"]
[Result "1/2-1/2"]
[Termination "normal"]
[Board "1"]
[WhiteTitle "CM"]
[BlackTitle "CM"]
[WhiteElo "2193"]
[BlackElo "2158"]
[WhiteClock "00:24:20"]
[BlackClock "00:20:40"]
[PlyCount "41"]
[WhiteFideId "16253094"]
[BlackFideId "16259068"]
[EventCountry "GER"]
[EventRounds "9"]
[EventType "swiss"]
[EventDate "2025.06.07"]

1. d4 {[%clk 01:30:56]} {[%emt 00:00:03]} Nf6 {[%clk 01:29:46]} {[%emt
00:01:15]} 2. Nf3 {[%clk 01:31:11]} {[%emt 00:00:15]} e6 {[%clk 01:27:28]}
{[%emt 00:02:48]} 3. g3 {[%clk 01:31:09]} {[%emt 00:00:32]} d5 {[%clk
01:25:51]} {[%emt 00:02:07]} 4. Bg2 {[%clk 01:31:31]} {[%emt 00:00:08]} Be7
{[%clk 01:25:39]} {[%emt 00:00:41]} 5. O-O {[%clk 01:31:53]} {[%emt 00:00:08]}
Ne4 {[%clk 01:23:28]} {[%emt 00:02:42]} 6. c4 {[%clk 01:30:47]} {[%emt
00:01:35]} f5 {[%clk 01:20:32]} {[%emt 00:03:26]} 7. b3 {[%clk 01:23:16]}
{[%emt 00:08:02]} Nd7 {[%clk 01:17:41]} {[%emt 00:03:20]} 8. Ba3 {[%clk
01:20:17]} {[%emt 00:03:30]} O-O {[%clk 01:06:53]} {[%emt 00:11:18]} 9. Bxe7
{[%clk 01:19:48]} {[%emt 00:00:59]} Qxe7 {[%clk 01:07:21]} {[%emt 00:00:02]}
10. Qc2 {[%clk 01:13:18]} {[%emt 00:06:59]} c6 {[%clk 01:05:35]} {[%emt
00:02:16]} 11. Nbd2 {[%clk 01:07:54]} {[%emt 00:05:53]} b6 {[%clk 01:01:09]}
{[%emt 00:04:57]} 12. e3 {[%clk 00:57:05]} {[%emt 00:11:19]} Bb7 {[%clk
00:55:26]} {[%emt 00:06:13]} 13. Ne1 {[%clk 00:53:04]} {[%emt 00:04:30]} Rac8
{[%clk 00:51:44]} {[%emt 00:04:13]} 14. Nd3 {[%clk 00:51:26]} {[%emt 00:02:08]}
c5 {[%clk 00:44:53]} {[%emt 00:07:21]} 15. Rac1 {[%clk 00:43:50]} {[%emt
00:08:06]} cxd4 {[%clk 00:34:37]} {[%emt 00:10:46]} 16. exd4 {[%clk 00:42:49]}
{[%emt 00:01:31]} Ba6 {[%clk 00:33:45]} {[%emt 00:01:22]} 17. Nxe4 {[%clk
00:37:18]} {[%emt 00:06:01]} fxe4 {[%clk 00:30:11]} {[%emt 00:04:04]} 18. Nf4
{[%clk 00:33:24]} {[%emt 00:04:23]} dxc4 {[%clk 00:24:34]} {[%emt 00:06:08]}
19. Qe2 {[%clk 00:30:43]} {[%emt 00:03:11]} Nf6 {[%clk 00:23:02]} {[%emt
00:02:01]} 20. bxc4 {[%clk 00:25:49]} {[%emt 00:05:24]} e5 {[%clk 00:20:40]}
{[%emt 00:02:52]} 21. dxe5 {[%clk 00:24:20]} {[%emt 00:01:59]} 1/2-1/2

[Event "DEM U16 2025"]
[Site "Willingen GER"]
[Date "2025.06.14"]
[Round "9"]
[White "Klaska, Philipp Leon"]
[Black "Nuñez Grégoire, Daniel"]
[Result "1/2-1/2"]
[Termination "normal"]
[Board "2"]
[WhiteTitle "FM"]
[WhiteElo "2248"]
[BlackElo "2167"]
[WhiteClock "00:24:58"]
[BlackClock "00:51:55"]
[PlyCount "42"]
[WhiteFideId "16238044"]
[BlackFideId "34627103"]
[EventCountry "GER"]
[EventRounds "9"]
[EventType "swiss"]
[EventDate "2025.06.07"]

1. e4 {[%clk 01:30:52]} {[%emt 00:00:07]} e5 {[%clk 01:30:57]} {[%emt
00:00:04]} 2. Nf3 {[%clk 01:31:08]} {[%emt 00:00:13]} Nc6 {[%clk 01:31:22]}
{[%emt 00:00:06]} 3. Bb5 {[%clk 01:31:27]} {[%emt 00:00:11]} a6 {[%clk
01:31:46]} {[%emt 00:00:05]} 4. Ba4 {[%clk 01:31:54]} {[%emt 00:00:03]} Nf6
{[%clk 01:32:13]} {[%emt 00:00:03]} 5. O-O {[%clk 01:32:07]} {[%emt 00:00:16]}
b5 {[%clk 01:32:40]} {[%emt 00:00:04]} 6. Bb3 {[%clk 01:32:32]} {[%emt
00:00:06]} Bc5 {[%clk 01:33:03]} {[%emt 00:00:07]} 7. d3 {[%clk 01:24:04]}
{[%emt 00:08:59]} h6 {[%clk 01:32:30]} {[%emt 00:01:02]} 8. c3 {[%clk
01:13:31]} {[%emt 00:11:03]} d6 {[%clk 01:32:03]} {[%emt 00:00:57]} 9. Re1
{[%clk 01:13:08]} {[%emt 00:00:52]} O-O {[%clk 01:30:10]} {[%emt 00:02:23]} 10.
Nbd2 {[%clk 01:13:01]} {[%emt 00:00:37]} Be6 {[%clk 01:26:35]} {[%emt
00:04:05]} 11. Nf1 {[%clk 01:12:14]} {[%emt 00:01:16]} Bxb3 {[%clk 01:16:49]}
{[%emt 00:10:17]} 12. axb3 {[%clk 01:11:24]} {[%emt 00:01:20]} d5 {[%clk
01:14:10]} {[%emt 00:03:09]} 13. Qc2 {[%clk 01:03:16]} {[%emt 00:08:37]} Bb6
{[%clk 01:05:27]} {[%emt 00:09:14]} 14. exd5 {[%clk 00:52:45]} {[%emt
00:11:02]} Qxd5 {[%clk 01:04:11]} {[%emt 00:01:46]} 15. Be3 {[%clk 00:53:01]}
{[%emt 00:00:13]} Bxe3 {[%clk 01:02:53]} {[%emt 00:01:49]} 16. Nxe3 {[%clk
00:52:40]} {[%emt 00:00:50]} Qd7 {[%clk 01:01:19]} {[%emt 00:02:04]} 17. h3
{[%clk 00:49:36]} {[%emt 00:03:35]} Rfe8 {[%clk 00:59:02]} {[%emt 00:02:47]}
18. Rad1 {[%clk 00:45:19]} {[%emt 00:04:47]} Nd5 {[%clk 00:56:57]} {[%emt
00:02:35]} 19. Nxd5 {[%clk 00:26:06]} {[%emt 00:19:42]} Qxd5 {[%clk 00:57:22]}
{[%emt 00:00:05]} 20. Re3 {[%clk 00:26:06]} {[%emt 00:00:29]} Re6 {[%clk
00:54:51]} {[%emt 00:03:02]} 21. b4 {[%clk 00:24:58]} {[%emt 00:01:39]} Rae8
{[%clk 00:51:55]} {[%emt 00:03:25]} 1/2-1/2

[Event "DEM U16 2025"]
[Site "Willingen GER"]
[Date "2025.06.14"]
[Round "9"]
[White "Herrmann, Jakob"]
[Black "Korchynskyi, Mykola"]
[Result "0-1"]
[Termination "normal"]
[Board "3"]
[WhiteTitle "FM"]
[BlackTitle "FM"]
[WhiteElo "2296"]
[BlackElo "2335"]
[WhiteClock "00:10:08"]
[BlackClock "00:13:49"]
[PlyCount "58"]
[WhiteFideId "16287169"]
[BlackFideId "34138005"]
[EventCountry "GER"]
[EventRounds "9"]
[EventType "swiss"]
[EventDate "2025.06.07"]

1. Nf3 {[%clk 01:30:54]} {[%emt 00:00:05]} d5 {[%clk 01:30:43]} {[%emt
00:00:18]} 2. g3 {[%clk 01:31:17]} {[%emt 00:00:07]} Nd7 {[%clk 01:31:08]}
{[%emt 00:00:05]} 3. Bg2 {[%clk 01:29:03]} {[%emt 00:02:43]} e5 {[%clk
01:25:59]} {[%emt 00:05:39]} 4. d4 {[%clk 01:28:06]} {[%emt 00:01:28]} e4
{[%clk 01:22:54]} {[%emt 00:03:35]} 5. Ng1 {[%clk 01:23:57]} {[%emt 00:04:39]}
Ngf6 {[%clk 01:11:19]} {[%emt 00:12:05]} 6. c4 {[%clk 01:19:49]} {[%emt
00:04:37]} c6 {[%clk 01:10:56]} {[%emt 00:00:54]} 7. Nc3 {[%clk 01:19:25]}
{[%emt 00:00:54]} Bb4 {[%clk 01:09:29]} {[%emt 00:01:57]} 8. Qb3 {[%clk
01:17:32]} {[%emt 00:02:23]} Bxc3+ {[%clk 01:07:41]} {[%emt 00:02:18]} 9. bxc3
{[%clk 01:17:39]} {[%emt 00:00:23]} O-O {[%clk 01:08:07]} {[%emt 00:00:03]} 10.
Nh3 {[%clk 01:04:25]} {[%emt 00:13:45]} Nb6 {[%clk 01:03:15]} {[%emt 00:05:22]}
11. cxd5 {[%clk 01:04:44]} {[%emt 00:00:10]} cxd5 {[%clk 01:03:39]} {[%emt
00:00:04]} 12. Bg5 {[%clk 01:02:32]} {[%emt 00:02:43]} h6 {[%clk 00:47:52]}
{[%emt 00:16:18]} 13. Bxf6 {[%clk 01:02:55]} {[%emt 00:00:07]} Qxf6 {[%clk
00:48:20]} {[%emt 00:00:02]} 14. Nf4 {[%clk 01:03:16]} {[%emt 00:00:08]} Qc6
{[%clk 00:46:59]} {[%emt 00:01:51]} 15. e3 {[%clk 00:55:44]} {[%emt 00:08:02]}
Bd7 {[%clk 00:34:29]} {[%emt 00:13:00]} 16. O-O {[%clk 00:54:23]} {[%emt
00:01:51]} Nc4 {[%clk 00:33:09]} {[%emt 00:01:50]} 17. Qc2 {[%clk 00:49:08]}
{[%emt 00:05:45]} Rac8 {[%clk 00:31:34]} {[%emt 00:02:05]} 18. Rfc1 {[%clk
00:48:13]} {[%emt 00:01:24]} g5 {[%clk 00:30:19]} {[%emt 00:01:46]} 19. Ne2
{[%clk 00:45:11]} {[%emt 00:03:30]} Bg4 {[%clk 00:28:59]} {[%emt 00:01:50]} 20.
Bf1 {[%clk 00:39:23]} {[%emt 00:06:18]} f5 {[%clk 00:27:59]} {[%emt 00:01:32]}
21. a4 {[%clk 00:30:14]} {[%emt 00:09:39]} Rc7 {[%clk 00:21:03]} {[%emt
00:07:26]} 22. Qb3 {[%clk 00:28:07]} {[%emt 00:02:37]} f4 {[%clk 00:18:05]}
{[%emt 00:03:28]} 23. exf4 {[%clk 00:25:09]} {[%emt 00:03:27]} gxf4 {[%clk
00:18:29]} {[%emt 00:00:07]} 24. Qb5 {[%clk 00:23:35]} {[%emt 00:02:03]} Qe6
{[%clk 00:16:18]} {[%emt 00:02:41]} 25. Nxf4 {[%clk 00:15:45]} {[%emt
00:08:21]} Rxf4 {[%clk 00:16:39]} {[%emt 00:00:08]} 26. Bxc4 {[%clk 00:15:50]}
{[%emt 00:00:25]} dxc4 {[%clk 00:16:09]} {[%emt 00:01:01]} 27. gxf4 {[%clk
00:15:55]} {[%emt 00:00:24]} Qg6 {[%clk 00:13:38]} {[%emt 00:03:00]} 28. Kf1
{[%clk 00:14:24]} {[%emt 00:02:01]} Bf3 {[%clk 00:13:52]} {[%emt 00:00:16]} 29.
Rd1 {[%clk 00:10:08]} {[%emt 00:04:46]} e3 {[%clk 00:13:49]} {[%emt 00:00:33]}
0-1

[Event "DEM U16 2025"]
[Site "Willingen GER"]
[Date "2025.06.14"]
[Round "9"]
[White "Schuricht, Emil Frederick"]
[Black "Atoyan, Alberto"]
[Result "1/2-1/2"]
[Termination "normal"]
[Board "4"]
[WhiteTitle "FM"]
[BlackTitle "CM"]
[WhiteElo "2328"]
[BlackElo "2266"]
[WhiteClock "00:04:45"]
[BlackClock "00:03:05"]
[PlyCount "99"]
[WhiteFideId "16270185"]
[BlackFideId "13314831"]
[EventCountry "GER"]
[EventRounds "9"]
[EventType "swiss"]
[EventDate "2025.06.07"]

1. c4 {[%clk 01:30:52]} {[%emt 00:00:07]} e6 {[%clk 01:30:34]} {[%emt
00:00:27]} 2. Nf3 {[%clk 01:31:14]} {[%emt 00:00:07]} Nf6 {[%clk 01:30:56]}
{[%emt 00:00:10]} 3. g3 {[%clk 01:31:38]} {[%emt 00:00:06]} d5 {[%clk
01:31:17]} {[%emt 00:00:10]} 4. Bg2 {[%clk 01:32:02]} {[%emt 00:00:05]} Nc6
{[%clk 01:31:33]} {[%emt 00:00:15]} 5. O-O {[%clk 01:32:16]} {[%emt 00:00:17]}
Bd6 {[%clk 01:31:58]} {[%emt 00:00:06]} 6. d4 {[%clk 01:28:08]} {[%emt
00:04:43]} O-O {[%clk 01:32:22]} {[%emt 00:00:07]} 7. Nbd2 {[%clk 01:19:42]}
{[%emt 00:09:31]} a5 {[%clk 01:32:19]} {[%emt 00:00:34]} 8. a3 {[%clk
01:12:02]} {[%emt 00:08:41]} a4 {[%clk 01:32:39]} {[%emt 00:00:11]} 9. Qc2
{[%clk 01:11:09]} {[%emt 00:01:27]} Bd7 {[%clk 01:30:06]} {[%emt 00:03:11]} 10.
Rb1 {[%clk 01:04:41]} {[%emt 00:07:15]} Na5 {[%clk 01:22:00]} {[%emt 00:09:01]}
11. Re1 {[%clk 01:01:49]} {[%emt 00:03:33]} c5 {[%clk 01:15:50]} {[%emt
00:06:58]} 12. cxd5 {[%clk 00:56:23]} {[%emt 00:06:16]} exd5 {[%clk 01:15:05]}
{[%emt 00:01:20]} 13. dxc5 {[%clk 00:56:35]} {[%emt 00:00:18]} Rc8 {[%clk
01:13:12]} {[%emt 00:02:29]} 14. Qd3 {[%clk 00:55:05]} {[%emt 00:02:05]} Bxc5
{[%clk 01:13:02]} {[%emt 00:00:42]} 15. b4 {[%clk 00:53:32]} {[%emt 00:02:08]}
axb3 {[%clk 01:13:01]} {[%emt 00:00:33]} 16. Nxb3 {[%clk 00:52:49]} {[%emt
00:01:15]} Bxf2+ {[%clk 00:51:13]} {[%emt 00:23:19]} 17. Kxf2 {[%clk 00:50:11]}
{[%emt 00:03:10]} Rc3 {[%clk 00:51:01]} {[%emt 00:00:44]} 18. Qd1 {[%clk
00:44:27]} {[%emt 00:06:14]} Nxb3 {[%clk 00:47:02]} {[%emt 00:04:41]} 19. Rxb3
{[%clk 00:36:06]} {[%emt 00:08:55]} Ba4 {[%clk 00:46:27]} {[%emt 00:01:08]} 20.
Nd4 {[%clk 00:35:49]} {[%emt 00:00:49]} Bxb3 {[%clk 00:46:01]} {[%emt
00:01:00]} 21. Nxb3 {[%clk 00:35:13]} {[%emt 00:01:10]} Qb6+ {[%clk 00:45:08]}
{[%emt 00:01:26]} 22. Nd4 {[%clk 00:35:19]} {[%emt 00:00:25]} Rxc1 {[%clk
00:44:45]} {[%emt 00:00:55]} 23. Qxc1 {[%clk 00:35:41]} {[%emt 00:00:08]} Qxd4+
{[%clk 00:45:11]} {[%emt 00:00:04]} 24. e3 {[%clk 00:35:52]} {[%emt 00:00:21]}
Qa7 {[%clk 00:37:37]} {[%emt 00:08:23]} 25. Bf3 {[%clk 00:33:22]} {[%emt
00:03:01]} Re8 {[%clk 00:35:28]} {[%emt 00:02:47]} 26. Kg2 {[%clk 00:32:14]}
{[%emt 00:01:44]} h6 {[%clk 00:27:27]} {[%emt 00:08:49]} 27. Qc3 {[%clk
00:31:15]} {[%emt 00:01:30]} Qb6 {[%clk 00:22:30]} {[%emt 00:05:43]} 28. Qb4
{[%clk 00:29:30]} {[%emt 00:02:22]} Qxb4 {[%clk 00:17:49]} {[%emt 00:05:23]}
29. axb4 {[%clk 00:29:53]} {[%emt 00:00:06]} Rc8 {[%clk 00:18:01]} {[%emt
00:00:19]} 30. Rd1 {[%clk 00:29:28]} {[%emt 00:00:57]} Rc2+ {[%clk 00:17:46]}
{[%emt 00:00:46]} 31. Kg1 {[%clk 00:29:04]} {[%emt 00:00:53]} Rb2 {[%clk
00:16:40]} {[%emt 00:01:39]} 32. Rd4 {[%clk 00:28:10]} {[%emt 00:01:29]} Kf8
{[%clk 00:15:28]} {[%emt 00:01:48]} 33. Bxd5 {[%clk 00:25:53]} {[%emt
00:02:54]} Nxd5 {[%clk 00:15:52]} {[%emt 00:00:06]} 34. Rxd5 {[%clk 00:26:19]}
{[%emt 00:00:04]} Rxb4 {[%clk 00:16:17]} {[%emt 00:00:05]} 35. Kf2 {[%clk
00:24:41]} {[%emt 00:02:15]} Ke7 {[%clk 00:16:32]} {[%emt 00:00:16]} 36. Kf3
{[%clk 00:23:31]} {[%emt 00:01:45]} Ke6 {[%clk 00:15:59]} {[%emt 00:01:06]} 37.
Rc5 {[%clk 00:22:22]} {[%emt 00:01:43]} g6 {[%clk 00:14:32]} {[%emt 00:02:03]}
38. g4 {[%clk 00:18:46]} {[%emt 00:04:11]} Rb1 {[%clk 00:12:32]} {[%emt
00:02:36]} 39. h4 {[%clk 00:15:40]} {[%emt 00:03:47]} b5 {[%clk 00:11:47]}
{[%emt 00:01:17]} 40. h5 {[%clk 00:13:20]} {[%emt 00:02:51]} Kf6 {[%clk
00:05:21]} {[%emt 00:07:13]} 41. Rc6+ {[%clk 00:10:59]} {[%emt 00:02:59]} Kg7
{[%clk 00:03:12]} {[%emt 00:02:45]} 42. hxg6 {[%clk 00:10:24]} {[%emt
00:01:08]} f6 {[%clk 00:03:22]} {[%emt 00:00:21]} 43. e4 {[%clk 00:05:12]}
{[%emt 00:05:56]} b4 {[%clk 00:01:44]} {[%emt 00:02:15]} 44. Rb6 {[%clk
00:04:54]} {[%emt 00:00:50]} b3 {[%clk 00:01:49]} {[%emt 00:00:25]} 45. Kg2
{[%clk 00:03:59]} {[%emt 00:01:26]} b2 {[%clk 00:01:42]} {[%emt 00:00:39]} 46.
Kh2 {[%clk 00:04:05]} {[%emt 00:00:24]} Re1 {[%clk 00:02:04]} {[%emt 00:00:09]}
47. Rxb2 {[%clk 00:04:28]} {[%emt 00:00:07]} Rxe4 {[%clk 00:02:32]} {[%emt
00:00:03]} 48. Kg3 {[%clk 00:04:47]} {[%emt 00:00:11]} Kxg6 {[%clk 00:03:00]}
{[%emt 00:00:03]} 49. Rb8 {[%clk 00:04:24]} {[%emt 00:00:55]} h5 {[%clk
00:03:05]} {[%emt 00:00:27]} 50. gxh5+ {[%clk 00:04:45]} {[%emt 00:00:09]}
1/2-1/2

[Event "DEM U16 2025"]
[Site "Willingen GER"]
[Date "2025.06.14"]
[Round "9"]
[White "Sauer, Tim"]
[Black "Jahnz, Laurin"]
[Result "1/2-1/2"]
[Termination "normal"]
[Board "5"]
[BlackTitle "CM"]
[WhiteElo "2181"]
[BlackElo "2221"]
[WhiteClock "00:01:16"]
[BlackClock "00:14:13"]
[PlyCount "131"]
[WhiteFideId "16265726"]
[BlackFideId "16261089"]
[EventCountry "GER"]
[EventRounds "9"]
[EventType "swiss"]
[EventDate "2025.06.07"]

1. Nf3 {[%clk 01:30:57]} {[%emt 00:00:02]} d5 {[%clk 01:30:57]} {[%emt
00:00:04]} 2. g3 {[%clk 01:31:21]} {[%emt 00:00:06]} e6 {[%clk 01:30:20]}
{[%emt 00:01:08]} 3. Bg2 {[%clk 01:31:45]} {[%emt 00:00:06]} c6 {[%clk
01:30:25]} {[%emt 00:00:24]} 4. O-O {[%clk 01:32:04]} {[%emt 00:00:11]} Bd6
{[%clk 01:30:13]} {[%emt 00:00:43]} 5. d3 {[%clk 01:32:01]} {[%emt 00:00:32]}
Nf6 {[%clk 01:29:23]} {[%emt 00:01:21]} 6. Nbd2 {[%clk 01:31:34]} {[%emt
00:00:56]} O-O {[%clk 01:29:44]} {[%emt 00:00:10]} 7. e4 {[%clk 01:31:39]}
{[%emt 00:00:23]} e5 {[%clk 01:28:45]} {[%emt 00:01:31]} 8. c3 {[%clk
01:30:15]} {[%emt 00:01:54]} Nbd7 {[%clk 01:28:42]} {[%emt 00:00:33]} 9. Re1
{[%clk 01:29:14]} {[%emt 00:01:30]} Re8 {[%clk 01:27:57]} {[%emt 00:01:15]} 10.
Qc2 {[%clk 01:28:45]} {[%emt 00:00:58]} a5 {[%clk 01:26:47]} {[%emt 00:01:41]}
11. a4 {[%clk 01:25:23]} {[%emt 00:03:51]} Bc7 {[%clk 01:20:15]} {[%emt
00:07:02]} 12. Nb3 {[%clk 01:14:16]} {[%emt 00:11:37]} dxe4 {[%clk 01:18:57]}
{[%emt 00:01:48]} 13. dxe4 {[%clk 01:11:19]} {[%emt 00:03:26]} Qe7 {[%clk
01:15:29]} {[%emt 00:03:59]} 14. h3 {[%clk 01:05:12]} {[%emt 00:06:36]} Bb6
{[%clk 01:09:16]} {[%emt 00:06:45]} 15. Nbd2 {[%clk 00:58:11]} {[%emt
00:07:31]} Rd8 {[%clk 00:58:06]} {[%emt 00:11:39]} 16. b3 {[%clk 00:40:44]}
{[%emt 00:17:57]} Bc5 {[%clk 00:49:41]} {[%emt 00:08:55]} 17. Rd1 {[%clk
00:23:15]} {[%emt 00:17:59]} Nf8 {[%clk 00:42:08]} {[%emt 00:08:03]} 18. Bf1
{[%clk 00:19:48]} {[%emt 00:03:57]} Nh5 {[%clk 00:38:44]} {[%emt 00:03:54]} 19.
Kg2 {[%clk 00:12:55]} {[%emt 00:07:22]} Qd7 {[%clk 00:16:12]} {[%emt 00:23:03]}
20. Ng1 {[%clk 00:13:01]} {[%emt 00:00:25]} Qd6 {[%clk 00:12:21]} {[%emt
00:04:21]} 21. Ba3 {[%clk 00:04:37]} {[%emt 00:08:54]} Bxa3 {[%clk 00:10:03]}
{[%emt 00:02:47]} 22. Nc4 {[%clk 00:05:01]} {[%emt 00:00:06]} Qf6 {[%clk
00:08:47]} {[%emt 00:01:46]} 23. Rxd8 {[%clk 00:04:33]} {[%emt 00:00:58]} Qxd8
{[%clk 00:09:13]} {[%emt 00:00:04]} 24. Rxa3 {[%clk 00:04:16]} {[%emt
00:00:47]} Be6 {[%clk 00:06:45]} {[%emt 00:02:58]} 25. Ra1 {[%clk 00:04:06]}
{[%emt 00:00:40]} Ng6 {[%clk 00:05:30]} {[%emt 00:01:45]} 26. Rd1 {[%clk
00:00:56]} {[%emt 00:03:39]} Qg5 {[%clk 00:04:02]} {[%emt 00:01:59]} 27. Nf3
{[%clk 00:00:40]} {[%emt 00:00:46]} Nhf4+ {[%clk 00:02:53]} {[%emt 00:01:39]}
28. Kh2 {[%clk 00:01:03]} {[%emt 00:00:08]} Qh5 {[%clk 00:03:18]} {[%emt
00:00:05]} 29. Ng1 {[%clk 00:01:23]} {[%emt 00:00:09]} Bxc4 {[%clk 00:02:21]}
{[%emt 00:01:28]} 30. Bxc4 {[%clk 00:01:22]} {[%emt 00:00:31]} Ne6 {[%clk
00:02:30]} {[%emt 00:00:21]} 31. Qe2 {[%clk 00:00:35]} {[%emt 00:01:17]} Qxe2
{[%clk 00:02:44]} {[%emt 00:00:16]} 32. Nxe2 {[%clk 00:00:36]} {[%emt
00:00:29]} Nc5 {[%clk 00:03:10]} {[%emt 00:00:05]} 33. f3 {[%clk 00:00:47]}
{[%emt 00:00:18]} Kf8 {[%clk 00:02:53]} {[%emt 00:00:48]} 34. Nc1 {[%clk
00:00:34]} {[%emt 00:00:43]} Ke7 {[%clk 00:02:52]} {[%emt 00:00:31]} 35. Kg2
{[%clk 00:00:49]} {[%emt 00:00:14]} h5 {[%clk 00:02:43]} {[%emt 00:00:39]} 36.
h4 {[%clk 00:01:12]} {[%emt 00:00:07]} Nf8 {[%clk 00:02:59]} {[%emt 00:00:14]}
37. Kf2 {[%clk 00:01:22]} {[%emt 00:00:20]} Nfd7 {[%clk 00:02:38]} {[%emt
00:00:52]} 38. Ke3 {[%clk 00:00:40]} {[%emt 00:01:11]} Nb6 {[%clk 00:02:06]}
{[%emt 00:01:03]} 39. Be2 {[%clk 00:00:45]} {[%emt 00:00:26]} g6 {[%clk
00:01:12]} {[%emt 00:01:23]} 40. Rd2 {[%clk 00:00:35]} {[%emt 00:00:39]} Nc8
{[%clk 00:01:31]} {[%emt 00:00:11]} 41. Nd3 {[%clk 00:23:48]} {[%emt 00:07:17]}
Nxd3 {[%clk 00:31:21]} {[%emt 00:00:40]} 42. Rxd3 {[%clk 00:22:36]} {[%emt
00:01:41]} Nd6 {[%clk 00:31:09]} {[%emt 00:00:43]} 43. Rd1 {[%clk 00:22:21]}
{[%emt 00:00:44]} b6 {[%clk 00:29:21]} {[%emt 00:02:19]} 44. f4 {[%clk
00:11:54]} {[%emt 00:10:57]} f6 {[%clk 00:27:03]} {[%emt 00:02:49]} 45. Rb1
{[%clk 00:11:32]} {[%emt 00:00:51]} b5 {[%clk 00:24:27]} {[%emt 00:03:07]} 46.
fxe5 {[%clk 00:09:11]} {[%emt 00:02:50]} fxe5 {[%clk 00:24:51]} {[%emt
00:00:06]} 47. Ra1 {[%clk 00:07:45]} {[%emt 00:01:56]} Kf6 {[%clk 00:21:30]}
{[%emt 00:03:52]} 48. Rd1 {[%clk 00:07:22]} {[%emt 00:00:52]} Ke6 {[%clk
00:21:16]} {[%emt 00:00:44]} 49. Ra1 {[%clk 00:07:10]} {[%emt 00:00:42]} Ke7
{[%clk 00:17:40]} {[%emt 00:04:06]} 50. Bd3 {[%clk 00:06:32]} {[%emt 00:01:07]}
Kd7 {[%clk 00:17:27]} {[%emt 00:00:44]} 51. Kd2 {[%clk 00:05:10]} {[%emt
00:01:52]} b4 {[%clk 00:15:54]} {[%emt 00:02:04]} 52. cxb4 {[%clk 00:05:34]}
{[%emt 00:00:05]} axb4 {[%clk 00:16:23]} 53. Rf1 {[%clk 00:04:11]} {[%emt
00:01:53]} Ke6 {[%clk 00:15:59]} {[%emt 00:00:54]} 54. Rc1 {[%clk 00:03:22]}
{[%emt 00:01:19]} Rc8 {[%clk 00:16:23]} {[%emt 00:00:06]} 55. Rc5 {[%clk
00:01:35]} {[%emt 00:02:16]} Nb7 {[%emt 00:00:21]} 56. Rc4 {[%clk 00:01:35]}
{[%emt 00:00:23]} c5 {[%clk 00:17:07]} {[%emt 00:00:03]} 57. Rc1 {[%clk
00:01:40]} {[%emt 00:00:25]} Na5 {[%clk 00:16:59]} {[%emt 00:00:39]} 58. Ke3
{[%clk 00:00:41]} {[%emt 00:01:28]} Ke7 {[%clk 00:15:21]} {[%emt 00:02:08]} 59.
Bc4 {[%clk 00:01:01]} {[%emt 00:00:09]} Nxc4+ {[%clk 00:13:58]} {[%emt
00:01:53]} 60. Rxc4 {[%clk 00:01:26]} {[%emt 00:00:05]} Kd6 {[%clk 00:14:25]}
{[%emt 00:00:03]} 61. Rc1 {[%clk 00:00:55]} {[%emt 00:01:02]} Rf8 {[%clk
00:14:52]} {[%emt 00:00:04]} 62. Ke2 {[%clk 00:00:38]} {[%emt 00:00:46]} Kc6
{[%clk 00:14:13]} {[%emt 00:01:09]} 63. Ke3 {[%clk 00:00:34]} {[%emt 00:00:34]}
Rf7 {[%clk 00:13:20]} {[%emt 00:01:23]} 64. Ke2 {[%clk 00:00:34]} {[%emt
00:00:30]} Rf8 {[%clk 00:13:46]} {[%emt 00:00:04]} 65. Ke3 {[%clk 00:01:01]}
{[%emt 00:00:03]} Rf7 {[%clk 00:14:13]} {[%emt 00:00:03]} 66. Ke2 {[%clk
00:01:16]} {[%emt 00:00:15]} 1/2-1/2